[Event "World Blitz 2015"]
[Site "Berlin GER"]
[Date "2015.10.14"]
[Round "12.45"]
[White "Ragger, Markus"]
[Black "Al-Sayed, Mohammed"]
[Result "0-1"]
[WhiteTitle "GM"]
[BlackTitle "GM"]
[WhiteElo "2698"]
[BlackElo "2520"]
[WhiteFideId "1610856"]
[BlackFideId "12100196"]
[EventDate "2015.10.13"]

1. d4 Nf6 2. c4 g6 3. Nc3 Bg7 4. e4 d6 5. Nf3 O-O 6. Be2 e5 7. O-O Nc6 8. d5 Ne7
9. Ne1 Nd7 10. Nd3 f5 11. f3 Nf6 12. Bd2 Kh8 13. Rc1 c6 14. Be3 c5 15. b4 b6 16.
bxc5 bxc5 17. Rb1 f4 18. Bf2 g5 19. Nb5 g4 20. Nxd6 Qxd6 21. Bxc5 Qd8 22. Nxe5
Nxe4 23. fxe4 Bxe5 24. Bxg4 Rg8 25. Bd4 Ng6 26. Rxf4 Qg5 27. Rf5 Bxf5 28. exf5
Qf6 29. Bf2 Nf4 30. g3 Qg5 31. Bd4 Qg7 32. Bxe5 Qxe5 33. Rb3 Rac8 34. gxf4 Qxf4
35. Qa1+ Rg7 36. Rg3 Rxc4 37. f6 Rc1+ 38. Qxc1 Qxc1+ 39. Kg2 Qb2+ 40. Kh3 Qxf6 0-1

[Event "World Blitz 2015"]
[Site "Berlin GER"]
[Date "2015.10.14"]
[Round "12.46"]
[White "Lenic, Luka"]
[Black "Piorun, Kacper"]
[Result "0-1"]
[WhiteTitle "GM"]
[BlackTitle "GM"]
[WhiteElo "2639"]
[BlackElo "2609"]
[WhiteFideId "14603853"]
[BlackFideId "1130420"]
[EventDate "2015.10.13"]

1. d4 d5 2. c4 dxc4 3. e3 e5 4. Bxc4 exd4 5. exd4 Nf6 6. Nf3 Bd6 7. Qe2+ Be7 8.
O-O O-O 9. h3 h6 10. Ne5 Nc6 11. Be3 Bf5 12. Rd1 Bd6 13. Nc3 Qc8 14. f4 Na5 15.
Bb5 a6 16. Ba4 b5 17. Bc2 Bxc2 18. Qxc2 c5 19. Rac1 cxd4 20. Bxd4 Bxe5 21. Bxe5
Nd7 22. Bd6 Re8 23. b3 Nb7 24. Ba3 Nf6 25. Bb2 Qc5+ 26. Qf2 Rac8 27. Qxc5 Nxc5
28. Nd5 Nxd5 29. Rxd5 Ne4 30. Rxc8 Rxc8 31. Rd4 Rc2 32. Rxe4 Rxb2 33. a4 Rxb3
34. axb5 Rxb5 35. Re8+ Kh7 36. Ra8 a5 37. Ra6 h5 38. Kf2 h4 39. Kf3 f5 40. Kf2
g6 41. Kf3 Kh6 42. Kf2 Rb2+ 43. Kf3 Rb3+ 44. Kf2 Ra3 45. Ra8 Kg7 46. Ra7+ Kh6
47. Ra8 a4 48. Ra7 Ra2+ 49. Kf3 Ra3+ 50. Kf2 Ra1 51. Kf3 a3 52. Kf2 a2 53. Ra6
Kg7 54. Ra8 Kf7 55. Ra6 Ke7 56. Ra8 Kd6 57. Ra6+ Kd5 58. Ra8 Ke4 59. Ra4+ Kd3
60. Ra3+ Kc4 61. Ra8 Kb3 62. Rb8+ Kc2 63. Rc8+ Kd3 64. Ra8 Rc1 65. Rxa2 Rc2+ 66.
Rxc2 Kxc2 67. g3 Kd3 68. gxh4 Ke4 69. Kg3 Ke3 70. h5 gxh5 71. Kh4 Kxf4 72. Kxh5
Kg3 73. Kg5 f4 74. h4 f3 75. h5 f2 76. h6 f1=Q 0-1

[Event "World Blitz 2015"]
[Site "Berlin GER"]
[Date "2015.10.14"]
[Round "12.47"]
[White "Papin, Vasily"]
[Black "Bok, Benjamin"]
[Result "1-0"]
[WhiteTitle "GM"]
[BlackTitle "GM"]
[WhiteElo "2502"]
[BlackElo "2591"]
[WhiteFideId "4143183"]
[BlackFideId "1017063"]
[EventDate "2015.10.13"]

1. c4 g6 2. g3 Bg7 3. Bg2 c5 4. Nc3 Nc6 5. b3 e6 6. Bb2 Nge7 7. Qc1 d6 8. Ne4 e5
9. d3 O-O 10. e3 f5 11. Nc3 f4 12. Nf3 Bg4 13. Ng5 h6 14. h3 Bd7 15. Nge4 f3 16.
Bf1 Be6 17. g4 b6 18. g5 h5 19. Nf6+ Bxf6 20. gxf6 Rxf6 21. Ne4 Rf8 22. Qd2 d5
23. Ng5 Bc8 24. cxd5 Nxd5 25. Rg1 Ndb4 26. a3 Nd5 27. Qc2 Kg7 28. d4 exd4 29.
Ne6+ 1-0

[Event "World Blitz 2015"]
[Site "Berlin GER"]
[Date "2015.10.14"]
[Round "12.48"]
[White "Bachmann, Axel"]
[Black "Hausrath, Daniel"]
[Result "1-0"]
[WhiteTitle "GM"]
[BlackTitle "GM"]
[WhiteElo "2593"]
[BlackElo "2503"]
[WhiteFideId "3700488"]
[BlackFideId "4617495"]
[EventDate "2015.10.13"]

1. e4 c5 2. Nc3 Nc6 3. Bb5 Nf6 4. Bxc6 dxc6 5. d3 g6 6. f4 Bg7 7. Nf3 O-O 8. O-O
b5 9. Be3 c4 10. dxc4 b4 11. Na4 Nxe4 12. Qe1 Qa5 13. Bd4 Qxa4 14. Bxg7 Kxg7 15.
Qxe4 Bf5 16. Qe5+ f6 17. Qxe7+ Rf7 18. Qe3 Qxc2 19. b3 Rd8 20. Nd4 Qc3 21. Qxc3
bxc3 22. Nxf5+ gxf5 23. Rac1 Rd2 24. Rxc3 Rxa2 25. Rd1 Re7 26. h3 h5 27. h4 a5
28. Rd8 Ree2 29. Rg3+ Kf7 30. Rh8 Ra3 31. Rxh5 a4 32. Rh7+ Ke6 33. Rgg7 Kd6 34.
bxa4 Rxa4 35. Rh6 Re6 36. Rf7 Rxc4 37. Rfxf6 Rxf6 38. Rxf6+ Kd5 39. Rxf5+ Ke4
40. Rf8 c5 41. h5 Ra4 42. h6 Ra7 43. Kf2 c4 44. g4 c3 45. g5 Rc7 46. g6 c2 47.
Re8+ Kxf4 48. Re1 c1=Q 49. Rxc1 Rxc1 50. h7 Rc2+ 51. Ke1 Rh2 52. g7 Rxh7 53.
g8=Q Rh3 54. Qf7+ Kg5 55. Kf2 Rh6 56. Kg3 Rg6 57. Qf4+ 1-0

[Event "World Blitz 2015"]
[Site "Berlin GER"]
[Date "2015.10.14"]
[Round "12.49"]
[White "Hjartarson, Johann"]
[Black "Abel, Dennes"]
[Result "1-0"]
[WhiteTitle "GM"]
[BlackTitle "IM"]
[WhiteElo "2529"]
[BlackElo "2441"]
[WhiteFideId "2300044"]
[BlackFideId "24605417"]
[EventDate "2015.10.13"]

1. e4 c6 2. d4 d5 3. e5 Bf5 4. Nf3 e6 5. Be2 Be7 6. O-O Nh6 7. Bxh6 gxh6 8. Bd3
Bg6 9. Qd2 Bg5 10. Nxg5 hxg5 11. f4 gxf4 12. Qxf4 Qe7 13. Rf3 Nd7 14. Nd2 Rf8
15. Raf1 O-O-O 16. Qh6 c5 17. c3 cxd4 18. cxd4 Kb8 19. a3 Rc8 20. h4 a6 21. h5
Bxd3 22. Rxd3 Rc2 23. b4 Rg8 24. Qf4 Nb6 25. Rf2 Nc4 26. Nf3 Rxf2 27. Kxf2 Rc8
28. Qh6 Nb2 29. Rd2 Nc4 30. Ra2 a5 31. Qxh7 axb4 32. axb4 Qxb4 33. Qxf7 Qb3 34.
Re2 Qd3 35. Qxe6 Rf8 36. Qxd5 Rc8 37. h6 Qf5 38. Qb5 Qe4 39. Rxe4 1-0

[Event "World Blitz 2015"]
[Site "Berlin GER"]
[Date "2015.10.14"]
[Round "12.50"]
[White "Khismatullin, Denis"]
[Black "Volokitin, Andrei"]
[Result "1-0"]
[WhiteTitle "GM"]
[BlackTitle "GM"]
[WhiteElo "2651"]
[BlackElo "2639"]
[WhiteFideId "4142578"]
[BlackFideId "14107090"]
[EventDate "2015.10.13"]

1. b3 e5 2. Bb2 d6 3. g3 g6 4. Bg2 Bg7 5. c4 Ne7 6. e3 O-O 7. Ne2 Nbc6 8. d4
exd4 9. Nxd4 Ne5 10. Nc3 Bg4 11. f3 Bd7 12. O-O a6 13. Qd2 c5 14. Nc2 b5 15. f4
N5c6 16. Rad1 Nf5 17. g4 Nh4 18. Qxd6 Nxg2 19. Qxd7 Qxd7 20. Rxd7 Nb4 21. Nxb4
cxb4 22. Nd5 Bxb2 23. Kxg2 bxc4 24. bxc4 a5 25. Rd1 Rfb8 26. c5 a4 27. c6 b3 28.
axb3 a3 29. c7 Re8 1-0

[Event "World Blitz 2015"]
[Site "Berlin GER"]
[Date "2015.10.14"]
[Round "12.51"]
[White "Bezold, Michael"]
[Black "Ivanisevic, Ivan"]
[Result "1/2-1/2"]
[WhiteTitle "GM"]
[BlackTitle "GM"]
[WhiteElo "2509"]
[BlackElo "2653"]
[WhiteFideId "4601718"]
[BlackFideId "912417"]
[EventDate "2015.10.13"]

1. g3 e5 2. c4 Nc6 3. Bg2 Bc5 4. e3 d6 5. Ne2 a6 6. Nbc3 Ba7 7. d4 Nge7 8. O-O
h5 9. h4 Bg4 10. d5 Nb8 11. Qb3 Qc8 12. Qc2 Nd7 13. b4 O-O 14. Kh2 Nf6 15. f3
Bd7 16. e4 Nh7 17. f4 Nf6 18. Nd1 Ng4+ 19. Kh1 f5 20. fxe5 Nxe5 21. Bg5 N7g6 22.
Ndc3 Ng4 23. Qd2 N6e5 24. c5 dxc5 25. bxc5 Bxc5 26. Nf4 Ne3 27. Nxh5 Nxg2 28.
Kxg2 fxe4 29. Rxf8+ Bxf8 30. Nxe4 Bh3+ 31. Kh1 Bg4 32. Nhf6+ gxf6 33. Nxf6+ Kh8
34. Qc3 Qf5 35. Bf4 Bd6 36. Nxg4 Qe4+ 37. Kg1 Re8 38. Nxe5 Bxe5 39. Bxe5+ Rxe5
40. Rf1 Kg8 41. Qxc7 Qd4+ 42. Kh1 Qxd5+ 43. Kg1 Qd4+ 44. Kh1 Qd5+ 45. Kg1 Qd4+
46. Kh1 Qd5+ 1/2-1/2

[Event "World Blitz 2015"]
[Site "Berlin GER"]
[Date "2015.10.14"]
[Round "12.52"]
[White "Belov, Vladimir"]
[Black "Hirneise, Tobias"]
[Result "0-1"]
[WhiteTitle "GM"]
[BlackTitle "IM"]
[WhiteElo "2614"]
[BlackElo "2457"]
[WhiteFideId "4132394"]
[BlackFideId "24600881"]
[EventDate "2015.10.13"]

1. Nf3 c5 2. e4 Nc6 3. d4 cxd4 4. Nxd4 Nf6 5. Nc3 d6 6. Bg5 e6 7. Qd2 a6 8.
O-O-O Bd7 9. f4 h6 10. Bh4 Nxe4 11. Qe1 Nf6 12. Nf5 Qa5 13. Nxd6+ Bxd6 14. Rxd6
Qc7 15. Rd2 O-O-O 16. Qe3 Ne7 17. Be2 Nf5 18. Qf2 Nxh4 19. Qxh4 Bc6 20. Rhd1
Rxd2 21. Rxd2 Ne4 22. Nxe4 Bxe4 23. Qg3 g5 24. Qe3 Bc6 25. g3 gxf4 26. gxf4 Rg8
27. b3 Rd8 28. Rxd8+ Qxd8 29. Qc5 Qf6 30. Qe5 Qh4 31. f5 Qg5+ 32. Kb1 Qxf5 33.
Qh8+ Kc7 34. Qxh6 Be4 35. Qd2 Qe5 36. h4 f5 37. Qg5 Qc3 38. Bd1 Qe1 39. Kc1 Qc3
40. Qe7+ Kb8 41. Qxe6 Qa1+ 42. Kd2 Qd4+ 43. Ke2 Qc3 44. Qg8+ Ka7 45. Qg1+ Ka8
46. Qe3 Qc7 47. h5 Bxc2 48. Qe8+ Ka7 49. Qe3+ Ka8 50. Qe8+ Ka7 51. Qe3+ Ka8 52.
h6 Qh2+ 53. Qf2 Bxd1+ 54. Ke3 Qxh6+ 55. Kd4 Qb6+ 0-1

[Event "World Blitz 2015"]
[Site "Berlin GER"]
[Date "2015.10.14"]
[Round "12.54"]
[White "Wagner, Dennis"]
[Black "Postny, Evgeny"]
[Result "1/2-1/2"]
[WhiteTitle "GM"]
[BlackTitle "GM"]
[WhiteElo "2575"]
[BlackElo "2658"]
[WhiteFideId "24650684"]
[BlackFideId "2804344"]
[EventDate "2015.10.13"]

1. c4 c6 2. Nf3 d5 3. g3 Nf6 4. Bg2 Bg4 5. Ne5 Be6 6. cxd5 Bxd5 7. Nf3 c5 8. Nc3
Bc6 9. O-O e6 10. Re1 Be7 11. e4 O-O 12. d4 cxd4 13. Nxd4 e5 14. Nf5 Bb4 15. Qb3
Qa5 16. Bd2 Nbd7 17. a3 Bxc3 18. Bxc3 Qb6 19. Qxb6 axb6 20. Rad1 Rfe8 21. f3 Nc5
22. Nd6 Re7 23. Nc4 Ncd7 24. Bf1 h6 25. Bb4 Ree8 26. Nd6 Rf8 27. Bc4 Nc5 28. Ba2
Ba4 29. Rd2 Rab8 30. Nc4 Rfd8 31. Nxe5 Nb3 32. Rd6 Rxd6 33. Bxd6 Rd8 34. Bb4 Rc8
35. Bc3 Rc7 36. Nd3 Nc5 37. Nxc5 bxc5 38. Bxf6 gxf6 39. Bd5 c4 40. Rc1 b5 41.
Kf2 Kg7 42. Ke3 Bb3 43. Kd4 Rc8 44. f4 Ba4 45. Rg1 Rc7 46. g4 Rc8 47. h4 Rc7 48.
g5 hxg5 49. hxg5 fxg5 50. Rxg5+ Kf8 51. Rf5 Kg7 52. Rg5+ Kf8 53. Ke5 c3 54. bxc3
Rxc3 55. Kf6 Bb3 56. Rh5 Kg8 57. Rg5+ Kf8 58. Bxb3 Rxb3 59. Rg7 Rxa3 60. Rxf7+
Ke8 61. e5 Rf3 62. Ke6 Kd8 63. f5 Kc8 64. f6 b4 65. Rh7 b3 66. Rh2 Kd8 67. Rd2+
Ke8 68. Rh2 Kd8 69. f7 Kc7 70. Ke7 1/2-1/2

[Event "World Blitz 2015"]
[Site "Berlin GER"]
[Date "2015.10.14"]
[Round "12.55"]
[White "Riff, Jean-Noel"]
[Black "Grigoriants, Sergey"]
[Result "1-0"]
[WhiteTitle "GM"]
[BlackTitle "GM"]
[WhiteElo "2499"]
[BlackElo "2603"]
[WhiteFideId "611190"]
[BlackFideId "4130804"]
[EventDate "2015.10.13"]

1. e4 c5 2. Nf3 d6 3. d4 cxd4 4. Nxd4 Nf6 5. Nc3 a6 6. h3 e6 7. g4 Be7 8. g5
Nfd7 9. h4 b5 10. Be3 Bb7 11. a3 Qc7 12. f4 Nb6 13. f5 e5 14. Nb3 N8d7 15. Na5
Rc8 16. Nxb7 Qxb7 17. Qf3 Rxc3 18. bxc3 Qc6 19. Bd2 Nc5 20. f6 gxf6 21. gxf6 Bd8
22. Bd3 Rg8 23. Ke2 Rg6 24. Rhg1 Nc4 25. h5 Rxg1 26. Rxg1 Ne6 27. Rg8+ Kd7 28.
Qf5 Nxd2 29. Qxh7 Qc5 30. Qxf7+ Kc6 31. Qxe6 Bb6 32. Qd5+ 1-0

[Event "World Blitz 2015"]
[Site "Berlin GER"]
[Date "2015.10.14"]
[Round "12.56"]
[White "Agdestein, Simen"]
[Black "Matlakov, Maxim"]
[Result "1-0"]
[WhiteTitle "GM"]
[BlackTitle "GM"]
[WhiteElo "2606"]
[BlackElo "2689"]
[WhiteFideId "1500015"]
[BlackFideId "4168003"]
[EventDate "2015.10.13"]

1. c4 Nf6 2. Nc3 c5 3. g3 g6 4. Bg2 Bg7 5. e3 O-O 6. Nge2 d6 7. O-O Nc6 8. d4
Bd7 9. b3 Qc8 10. Re1 Bh3 11. Bh1 Bg4 12. Bb2 Rb8 13. Qd2 Rd8 14. Nd5 cxd4 15.
exd4 Re8 16. Nef4 Nxd5 17. cxd5 Nd8 18. f3 Bh3 19. Rac1 Qd7 20. Nxh3 Qxh3 21.
Re4 Rc8 22. Rce1 Qd7 23. g4 f5 24. gxf5 Qxf5 25. f4 Nf7 26. Re6 Rc2 1-0

[Event "World Blitz 2015"]
[Site "Berlin GER"]
[Date "2015.10.14"]
[Round "12.57"]
[White "Lagarde, Maxime"]
[Black "Guseinov, Gadir"]
[Result "0-1"]
[WhiteTitle "GM"]
[BlackTitle "GM"]
[WhiteElo "2550"]
[BlackElo "2634"]
[WhiteFideId "662399"]
[BlackFideId "13401378"]
[EventDate "2015.10.13"]

1. d4 Nf6 2. c4 g6 3. Nc3 Bg7 4. e4 d6 5. Nge2 O-O 6. Ng3 a6 7. Be2 c5 8. d5 b5
9. cxb5 axb5 10. Bxb5 Ba6 11. O-O Bxb5 12. Nxb5 Qb6 13. a4 Na6 14. Bd2 Nc7 15.
Nxc7 Qxc7 16. Bc3 Rfb8 17. f4 Nd7 18. Kh1 Bxc3 19. bxc3 c4 20. h4 Rb3 21. Qd2
Rab8 22. a5 Rb2 23. Qe3 Qc5 24. Qf3 Rd2 25. Ne2 Rd3 26. Qf2 Qxf2 27. Rxf2 Nc5
28. Nd4 Nxe4 29. Rc2 Ra8 30. a6 Nxc3 31. Nc6 Nxd5 32. Rxc4 Rb3 33. a7 Rb7 34. g3
e6 35. Rcc1 Rc7 36. Rcb1 Rxc6 37. Rb8+ Rc8 38. Rxc8+ Rxc8 39. a8=Q Rxa8 40.
Rxa8+ Kg7 41. Ra6 Nf6 42. Rxd6 Ne4 43. Ra6 Nxg3+ 44. Kg2 Nf5 45. Kh3 h5 46. Rb6
Nd4 47. Rb4 Nf5 48. Rb6 Kf6 49. Rb7 Ne3 50. Kg3 Nf5+ 51. Kh3 Nd6 52. Rb6 Ne4 53.
Rb4 Kf5 54. Kg2 Kxf4 55. Rb7 f6 56. Rg7 Kf5 57. Kf3 e5 58. Ra7 Nd6 59. Ra6 Nb5
60. Ke3 Nd4 61. Rb6 Ne6 62. Kf3 Nf4 63. Ra6 Nd5 64. Rc6 e4+ 65. Kg3 Ke5 66. Rc8
f5 67. Rg8 f4+ 68. Kf2 Kf5 69. Rd8 Nb4 70. Ke2 Nd3 71. Rf8+ Kg4 72. Rg8 Ne5 73.
Re8 Nf3 74. Rxe4 Nxh4 75. Kf2 g5 76. Ra4 Nf5 77. Ra5 h4 78. Kg2 h3+ 79. Kf2 Nh4
80. Kg1 Nf3+ 81. Kh1 Kg3 82. Ra3 g4 83. Rb3 Kh4 84. Rb8 Nd2 85. Rb2 Ne4 86. Rb4
Nf2+ 87. Kg1 Kg3 88. Rb2 h2+ 0-1

[Event "World Blitz 2015"]
[Site "Berlin GER"]
[Date "2015.10.14"]
[Round "12.58"]
[White "Bauer, Christian"]
[Black "Ehlvest, Jaan"]
[Result "1/2-1/2"]
[WhiteTitle "GM"]
[BlackTitle "GM"]
[WhiteElo "2623"]
[BlackElo "2535"]
[WhiteFideId "603767"]
[BlackFideId "4500016"]
[EventDate "2015.10.13"]

1. e4 Nf6 2. e5 Nd5 3. d4 d6 4. Nf3 Bg4 5. Be2 e6 6. O-O Be7 7. c4 Nb6 8. Nc3
O-O 9. h3 Bh5 10. Be3 a6 11. exd6 cxd6 12. Qb3 N8d7 13. a4 Qc7 14. a5 Nc8 15.
Rfc1 Na7 16. d5 e5 17. Na4 Nc8 18. Nb6 Ncxb6 19. axb6 Qd8 20. Qd1 Nxb6 21. Qb3
Nd7 22. Qxb7 e4 23. Nd4 Nc5 24. Qxa8 Qxa8 25. Bxh5 Bf6 26. Rd1 Qb7 27. Nf5 g6
28. Nxd6 Qc7 29. Bxc5 Qxc5 30. Nxe4 Qe7 31. Nxf6+ Qxf6 32. Bf3 Rc8 33. b3 Qb6
34. d6 Rd8 35. d7 Qc7 36. Rxa6 Rxd7 37. Rxd7 Qxd7 38. Bd5 Qc7 39. Rf6 Qa5 40.
Rxf7 Kh8 41. g3 Qc3 42. Rf3 Qb2 43. Kg2 Kg7 44. h4 h6 45. Rf4 g5 46. hxg5 hxg5
47. Rf5 Kh6 48. Rf3 Kg7 49. c5 Qd4 50. Bc4 Qxc5 51. Re3 Qc6+ 52. Kg1 Qc5 53. Re4
Qb4 54. Kg2 Qb7 55. f3 Qb4 56. Re2 Qc5 57. g4 Qd4 58. Re4 Qd2+ 59. Kg3 Qc1 60.
Kf2 Qd2+ 61. Re2 Qd4+ 62. Re3 Qd2+ 63. Be2 Qd4 64. Bc4 Qd2+ 65. Re2 Qd4+ 66. Kg2
Qc3 67. Re7+ Kf6 68. Rf7+ Kg6 69. Rf5 Qd2+ 70. Kf1 Qd1+ 71. Kf2 Qd2+ 72. Kf1 1/2-1/2

[Event "World Blitz 2015"]
[Site "Berlin GER"]
[Date "2015.10.14"]
[Round "12.59"]
[White "Nielsen, Peter Heine"]
[Black "Anton Guijarro, David"]
[Result "0-1"]
[WhiteTitle "GM"]
[BlackTitle "GM"]
[WhiteElo "2654"]
[BlackElo "2634"]
[WhiteFideId "1400355"]
[BlackFideId "2285525"]
[EventDate "2015.10.13"]

1. b3 e5 2. Bb2 Nc6 3. e3 d5 4. Bb5 Bd6 5. f4 f6 6. fxe5 fxe5 7. Bxc6+ bxc6 8.
Bxe5 Qh4+ 9. g3 Qe4 10. Bxg7 Qxh1 11. Qh5+ Ke7 12. Kf2 Be6 13. Nf3 Nf6 14. Bxf6+
Kxf6 15. Qh6+ Ke7 16. Qg7+ Bf7 17. Na3 Rag8 18. Qd4 Bxg3+ 19. hxg3 Qh6 20. Rg1
Rf8 21. Qf4 Qd6 22. Nb1 Bg6 23. Qxd6+ cxd6 24. d3 Rf7 25. Nd2 Rhf8 26. Ke2 c5
27. g4 Kd7 28. Rh1 Kc6 29. Rh2 a5 30. a4 Rb8 31. Nh4 Rb4 32. Rg2 Rf8 33. Rg1 Rb7
34. Rg2 Rg7 35. Nhf3 Be8 36. Kf2 Bd7 37. g5 Be8 38. Rh2 Bg6 39. Ke2 Rgf7 40. Rh3
Re7 41. Rh4 Rfe8 42. Nf1 Rb8 43. Rh2 Rb4 44. Kf2 c4 45. dxc4 dxc4 46. Nd4+ Kd7
47. Nd2 c3 48. Nc4 Rb8 49. Nxa5 Rbe8 50. Rh3 Rf8+ 51. Ke2 Ref7 52. Rh2 Rf1 53.
Nc4 Rc1 54. Nb6+ Ke7 55. Nd5+ Ke8 56. Nf4 Bxc2 57. Kf3 Bg6 58. a5 Ra1 59. Kg4
Rxa5 60. Nxg6 hxg6 61. Rc2 Rc5 62. b4 Rc4 63. b5 Kd7 0-1

[Event "World Blitz 2015"]
[Site "Berlin GER"]
[Date "2015.10.14"]
[Round "12.60"]
[White "Naumann, Alexander"]
[Black "Romanov, Evgeny"]
[Result "1-0"]
[WhiteTitle "GM"]
[BlackTitle "GM"]
[WhiteElo "2545"]
[BlackElo "2573"]
[WhiteFideId "4623169"]
[BlackFideId "4148843"]
[EventDate "2015.10.13"]

1. d4 d5 2. c4 dxc4 3. e3 b5 4. a4 b4 5. Bxc4 Nf6 6. Nf3 e6 7. O-O Be7 8. Qe2
O-O 9. Nbd2 Bb7 10. b3 Nbd7 11. Bb2 c5 12. Rac1 Qa5 13. Bd3 Rfc8 14. Nc4 Qd8 15.
Rfd1 Nd5 16. Bb1 cxd4 17. Nxd4 Ba6 18. Qh5 g6 19. Qh3 Nc5 20. e4 Nf4 21. Qg4 Qc7
22. g3 e5 23. Nxe5 Qxe5 24. gxf4 Qb8 25. Nf5 Bf8 26. Qh4 Rc6 27. Nh6+ Bxh6 28.
Qxh6 f6 29. Rxc5 Rxc5 30. Rd7 1-0

[Event "World Blitz 2015"]
[Site "Berlin GER"]
[Date "2015.10.14"]
[Round "12.62"]
[White "Stefansson, Hannes"]
[Black "Mikhalevski, Victor"]
[Result "1/2-1/2"]
[WhiteTitle "GM"]
[BlackTitle "GM"]
[WhiteElo "2602"]
[BlackElo "2536"]
[WhiteFideId "2300087"]
[BlackFideId "2801914"]
[EventDate "2015.10.13"]

1. d4 Nf6 2. c4 g6 3. Nf3 Bg7 4. g3 d5 5. Bg2 O-O 6. O-O c6 7. Nbd2 a5 8. b3 a4
9. Bb2 Bf5 10. Ne5 Qa5 11. Qc1 Nbd7 12. Bc3 Qa6 13. Re1 Rac8 14. e3 Nxe5 15.
dxe5 Ne4 16. Nxe4 dxe4 17. Qc2 b5 18. Bxe4 Be6 19. bxa4 Bxc4 20. axb5 cxb5 21.
Qb2 Qe6 22. Bd4 Rfd8 23. Rec1 h5 24. h4 Qg4 25. Bb7 Rb8 26. Bg2 g5 27. hxg5 Qxg5
28. a4 bxa4 29. Qc3 Bb3 30. Qe1 h4 31. f4 Qxg3 32. Qxg3 hxg3 33. Bf3 f6 34. Bc6
fxe5 35. fxe5 Rdc8 36. Rc3 Bf7 37. Bxa4 Rxc3 38. Bxc3 1/2-1/2

[Event "World Blitz 2015"]
[Site "Berlin GER"]
[Date "2015.10.14"]
[Round "12.63"]
[White "Tari, Aryan"]
[Black "Kryvoruchko, Yuriy"]
[Result "1/2-1/2"]
[WhiteTitle "IM"]
[BlackTitle "GM"]
[WhiteElo "2521"]
[BlackElo "2710"]
[WhiteFideId "1510045"]
[BlackFideId "14109182"]
[EventDate "2015.10.13"]

1. e4 e5 2. Nf3 Nc6 3. Bb5 Nf6 4. d4 exd4 5. e5 Ne4 6. O-O Be7 7. Re1 Nc5 8.
Nxd4 Nxd4 9. Qxd4 O-O 10. Nc3 c6 11. Bf1 d5 12. exd6 Bxd6 13. Bf4 Bxf4 14. Qxf4
Qb6 15. b3 Be6 16. Rad1 Rad8 17. b4 Na6 18. a3 Qc7 19. Qe3 Qb6 20. Qf4 h6 21.
Na4 Qc7 22. Qe3 b5 23. Nc5 Nxc5 24. Qxc5 a6 25. c4 Qb7 26. h3 Rfe8 27. Rxd8 Rxd8
28. Rc1 Rc8 29. Be2 Qb8 30. Rd1 Qb7 31. Rd6 bxc4 32. Bxc4 Bxc4 33. Qxc4 Qc7 34.
Qc5 Qb7 35. a4 Qc7 36. a5 Qb7 37. Qc4 Qb5 38. Qxb5 cxb5 39. Rxa6 Rc4 40. Rb6
Rxb4 41. a6 Ra4 42. Rxb5 1/2-1/2

[Event "World Blitz 2015"]
[Site "Berlin GER"]
[Date "2015.10.14"]
[Round "12.64"]
[White "Guliyev, Namig"]
[Black "Nikolic, Predrag"]
[Result "1/2-1/2"]
[WhiteTitle "GM"]
[BlackTitle "GM"]
[WhiteElo "2579"]
[BlackElo "2603"]
[WhiteFideId "13400363"]
[BlackFideId "14400014"]
[EventDate "2015.10.13"]

1. e4 e6 2. d4 d5 3. e5 c5 4. c3 Nc6 5. Nf3 Bd7 6. Be2 Nge7 7. a3 c4 8. O-O Qc7
9. Nbd2 Na5 10. g3 h6 11. Nh4 Nc8 12. f4 Nb6 13. Rb1 Be7 14. Ng2 Ba4 15. Qe1 Bc2
16. Ra1 O-O-O 17. Ne3 Bh7 18. f5 Bg5 19. Bg4 Bxe3+ 20. Qxe3 Bxf5 21. Bxf5 exf5
22. Rxf5 Qe7 23. Qf2 Rhf8 24. Rb1 f6 25. Nf3 Qe6 26. Nh4 Nd7 27. Ng6 Rfe8 28.
Bd2 fxe5 29. Nxe5 Nxe5 30. Rxe5 Qg6 31. Rbe1 Rxe5 32. dxe5 Nc6 33. Bf4 Qe6 34.
h4 d4 35. cxd4 Rxd4 36. h5 a6 37. Kg2 Qd5+ 38. Qf3 Kd7 39. e6+ Ke7 40. Qxd5 Rxd5
41. g4 Nd4 42. Be5 Nxe6 43. Bxg7 Rg5 44. Bxh6 Rxg4+ 45. Kh3 Rd4 46. Bc1 Kf7 47.
h6 Nf4+ 48. Kg3 Nd3 49. h7 Rd8 50. Rh1 Rh8 51. Be3 Kg6 52. Rh6+ Kg7 53. Rb6 Rxh7
54. Rxb7+ Kg6 55. Rxh7 Kxh7 56. Bd4 Kg6 57. Kg4 a5 58. a4 Kf7 59. Kf5 Ke7 60.
Ke4 Kd6 61. Bc3 Kc5 62. b3 Nc1 63. bxc4 Kxc4 64. Bxa5 Kb3 65. Bd2 Kxa4 1/2-1/2

[Event "World Blitz 2015"]
[Site "Berlin GER"]
[Date "2015.10.14"]
[Round "12.65"]
[White "Seirawan, Yasser"]
[Black "Ladva, Ottomar"]
[Result "1-0"]
[WhiteTitle "GM"]
[BlackTitle "IM"]
[WhiteElo "2620"]
[BlackElo "2423"]
[WhiteFideId "2000032"]
[BlackFideId "4500024"]
[EventDate "2015.10.13"]

1. c4 e6 2. Nc3 d5 3. d4 Nf6 4. Bg5 Be7 5. Nf3 h6 6. Bh4 O-O 7. Rc1 Ne4 8. Bxe7
Qxe7 9. cxd5 Nxc3 10. bxc3 exd5 11. e3 c5 12. c4 dxc4 13. Bxc4 Rd8 14. Ne5 Be6
15. Bxe6 fxe6 16. Rxc5 Qxc5 17. dxc5 Rxd1+ 18. Kxd1 Na6 19. c6 bxc6 20. Nxc6 Kf7
21. Kd2 Kf6 22. Rc1 Rc8 23. Nxa7 Rd8+ 24. Ke2 Ra8 25. Nc6 Nc7 26. Ra1 Ra3 27.
Nd4 Nd5 28. Nb5 Ra4 29. Kd2 Rb4 30. Nd4 Ra4 31. a3 e5 32. Nb3 Nb6 33. Nc5 Rxa3
34. Rxa3 Nc4+ 35. Kd3 Nxa3 36. Ke4 Nc4 37. Kd5 Nb6+ 38. Kc6 Nc4 39. Nb7 Ke6 40.
e4 Nd2 41. Nc5+ Kf6 42. Kd5 Nf1 43. h3 Nd2 44. Nd7+ Kg5 45. Nxe5 Kf4 46. Nd3+
Kg5 47. e5 Kf5 48. g4+ Kg6 49. f4 Kf7 50. e6+ Ke7 51. Ne5 Nb3 52. Ng6+ Ke8 53.
f5 Nd2 54. Nf4 Nf3 55. Nh5 Kf8 56. Kd6 Ng5 57. e7+ 1-0

[Event "World Blitz 2015"]
[Site "Berlin GER"]
[Date "2015.10.14"]
[Round "12.66"]
[White "Rakhmanov, Aleksandr"]
[Black "Carlstedt, Jonathan"]
[Result "1-0"]
[WhiteTitle "GM"]
[BlackTitle "IM"]
[WhiteElo "2637"]
[BlackElo "2442"]
[WhiteFideId "4173708"]
[BlackFideId "24614386"]
[EventDate "2015.10.13"]

1. d4 d5 2. c4 e6 3. Nc3 c5 4. cxd5 exd5 5. Nf3 Nc6 6. Bf4 c4 7. e3 Nf6 8. Be2
Be7 9. O-O O-O 10. Ne5 Be6 11. b3 Bb4 12. Nxc6 bxc6 13. Na4 Ne4 14. f3 Nd6 15.
Nc5 Bxc5 16. dxc5 Nb7 17. b4 a5 18. a3 Qf6 19. Qd4 Qe7 20. Qe5 f6 21. Qc7 Qxc7
22. Bxc7 Rfe8 23. Kf2 g5 24. Rfc1 h5 25. e4 Re7 26. Bb6 a4 27. Ra2 dxe4 28. fxe4
Rae8 29. Rd2 Bf7 30. Rd4 Rxe4 31. Rxe4 Rxe4 32. Bd1 Bd5 33. Bxa4 Rf4+ 34. Kg1
Rg4 35. Rc2 Be4 36. Rxc4 Rxg2+ 37. Kf1 Rg4 38. Rxe4 Rxe4 39. Bxc6 Re7 40. a4 Kf7
41. a5 1-0